| 000 | 00357pab a2200157 454500 | ||
|---|---|---|---|
| 008 | 180718b2008 xxu||||| |||| 00| 0 eng d | ||
| 100 | _aSingh, R.P. | ||
| 245 | _aCrime review - a critical appraisal | ||
| 260 | _c2008 | ||
| 300 | _ap.30-34. | ||
| 362 | _aJul-Sep | ||
| 650 | _aCrime | ||
| 773 | _aIndian Police Journal | ||
| 908 | _aN | ||
| 909 | _a82638 | ||
| 999 |
_c82638 _d82638 |
||